000 00506nam a2200169Ia 4500
003 OSt
005 20200610115444.0
008 190216s9999||||xx |||||||||||||| ||und||
020 _a9781851685653
040 _coclc
082 _a340.59
_bKAM/S
100 _a Kamali, Mohammad Hashim
_92448
245 0 _aShari 'ah Law An Introduction /
_cMohammad Hashim Kamali
260 _bOneworld Oxford,
_c2009.
_aEngland:
300 _a342p
942 _cBK
_2ddc
_h340.59
_iKAM/S
_k340.59
_mKAM/S
999 _c23235
_d23235